[Event "6th ch-Asia"]
[Site "Cebu City PHI"]
[Date "2007.09.24"]
[Round "6"]
[White "Laylo,D"]
[Black "Negi,P"]
[Result "0-1"]
[WhiteElo "2486"]
[BlackElo "2529"]

1.c4 e6 2.Nc3 d5 3.d4 c6 4.e3 Bd6 5.Nf3 f5 6.Bd3 Nf6 7.O-O O-O 8.Qc2 Ne4
9.Ne5 b6 10.f4 Bb7 11.cxd5 exd5 12.Bd2 c5 13.dxc5 Bxc5 14.Bxe4 fxe4 15.b4 Bxb4
16.Nxe4 Bxd2 17.Nxd2 Nd7 18.Nxd7 Qxd7 19.Nf3 Rac8 20.Qb3 Qf5 21.Qa3 a6 22.Nd4 Qe4
23.Rf3 Rc4 24.Qb2 b5 25.Raf1 Rf6 26.f5 b4 27.Qf2 a5 28.Rf4 Qe5 29.g4 Rc3
30.Re1 Ba6 31.g5 Rf7 32.Qg3 Bd3 33.f6 Be4 34.h4 Qxd4 35.h5 Qe5 36.Ref1 Rc2
37.R1f2 Rc1+ 38.Rf1 Rxf1+ 39.Kxf1 Rc7 40.Qe1 Bd3+  0-1

[Event "6th ch-Asia"]
[Site "Cebu City PHI"]
[Date "2007.09.25"]
[Round "7"]
[White "Negi,P"]
[Black "Zhao Jun"]
[Result "0-1"]
[WhiteElo "2529"]
[BlackElo "2558"]

1.e4 e5 2.Nf3 Nf6 3.Nxe5 d6 4.Nf3 Nxe4 5.d4 d5 6.Bd3 Bd6 7.O-O O-O 8.c4 c6
9.cxd5 cxd5 10.Nc3 Nxc3 11.bxc3 Bg4 12.Rb1 Nd7 13.h3 Bh5 14.Rxb7 Nb6 15.Ba6 Qe8
16.Bd2 Qc6 17.Ne5 Qxb7 18.Bxb7 Bxd1 19.Bxa8 Be2 20.Re1 Bc4 21.Bc6 Bxe5 22.dxe5 Rc8
23.e6 fxe6 24.Rxe6 Kf7 25.Rd6 Ke7 26.Bf4 Bxa2 27.Be5 Nc4 28.Rd7+ Ke6 29.Rc7 Rxc7
30.Bxc7 Bb3 31.Bb5 Nd6 32.Bd3 Kd7 33.Ba5 Nb7 34.Bb4 a5 35.Ba3 Nd6 36.f3 Nc4
37.Bxc4 Bxc4 38.Kf2 Kc6 39.Ke3 Kb5 40.Bd6 Bf1 41.Kd4 Bxg2 42.h4 Bxf3 43.Bf8 g6
44.Bh6 Ka4 45.c4 Kb3 46.cxd5 a4 47.d6 Bg4 48.Ke3 a3 49.Kf4 a2 50.Bg7 h5 51.Kg5 Bf5
52.Ba1 Kc4 53.Kf6 Kd5 54.Ke7 Ke4 55.Bf6 Bc8 56.Kd8 Kf5 57.Kxc8 Kxf6 58.d7 a1=Q
59.d8=Q+ Kf7 60.Qd7+ Kf6 61.Qd8+ Kg7 62.Qe7+ Kg8 63.Qg5 Qg7 64.Kd8 Qf7 65.Qg3 Kg7
66.Kc8 Qe7 67.Kb8 Kf7 68.Qb3+ Qe6 69.Qf3+ Qf5 70.Qg3 Ke6 71.Ka8 Qg4 72.Qe3+ Kf5
73.Qc5+ Kf4 74.Ka7 Kg3 75.Qe7 Kh3 76.Qe1 Qf3 77.Qe6+ Qf5 78.Qe1  0-1

[Event "6th ch-Asia"]
[Site "Cebu City PHI"]
[Date "2007.09.26"]
[Round "8"]
[White "Wen Yang"]
[Black "Negi,P"]
[Result "1-0"]
[WhiteElo "2475"]
[BlackElo "2529"]

1.e4 e5 2.Nf3 Nc6 3.Bc4 Nf6 4.d3 Be7 5.O-O O-O 6.Re1 d6 7.a4 Kh8 8.Nc3 Ng8
9.d4 Bg4 10.dxe5 dxe5 11.Be3 Bb4 12.h3 Be6 13.Bxe6 fxe6 14.Qe2 a6 15.Red1 Qe7
16.Nb1 Nf6 17.Nbd2 Bxd2 18.Bxd2 Nd4 19.Qd3 Nxf3+ 20.Qxf3 Qc5 21.Qc3 Qd4 22.Qxd4 exd4
23.Bb4 Rfd8 24.e5 Ne8 25.Ra3 a5 26.Rf3 h6 27.Ba3 Rd5 28.c3 c5 29.cxd4 cxd4
30.Rf7 Rad8 31.Rxb7 d3 32.Rb5 Nc7 33.Rxd5 Rxd5 34.f3 Na8 35.Kf2 Nb6 36.b3 Nd7
37.f4 g5 38.g3 gxf4 39.gxf4 Kg7 40.Ke3 Kg6 41.Rxd3 Rxd3+ 42.Kxd3 Kf5 43.Ke3 Nb6
44.Kf3 Nd5 45.Bc1 h5 46.Bd2 h4 47.Bxa5 Nxf4 48.Bd8 Nd3 49.Bc7 Nc5 50.a5 Nxb3
51.a6 Nd4+ 52.Ke3 Nc6 53.Bb8  1-0

[Event "6th ch-Asia"]
[Site "Cebu City PHI"]
[Date "2007.09.27"]
[Round "9"]
[White "Deepan,C"]
[Black "Negi,P"]
[Result "1-0"]
[WhiteElo "2479"]
[BlackElo "2529"]

1.e4 c5 2.Nf3 d6 3.d4 cxd4 4.Nxd4 Nf6 5.Nc3 a6 6.g3 e5 7.Nde2 Be7 8.Bg2 O-O
9.O-O Nbd7 10.a4 Qc7 11.h3 h5 12.g4 hxg4 13.hxg4 Nc5 14.g5 Nh7 15.Nd5 Qd8
16.b4 Ne6 17.f4 exf4 18.Nxe7+ Qxe7 19.Nxf4 Nxf4 20.Bxf4 Rd8 21.Qh5 Nf8 22.Be3 Be6
23.Rf2 Ng6 24.Bh1 Kf8 25.Qxg6  1-0

[Event "WJun"]
[Site "Yerevan ARM"]
[Date "2007.10.03"]
[Round "1"]
[White "Negi,P"]
[Black "Arngrimsson,D"]
[Result "1-0"]
[WhiteElo "2514"]
[BlackElo "2323"]

1.e4 e5 2.Nf3 Nc6 3.Bb5 a6 4.Ba4 Nf6 5.O-O Be7 6.Re1 b5 7.Bb3 d6 8.c3 O-O
9.d4 exd4 10.cxd4 Bg4 11.Nc3 Na5 12.Bc2 Bh5 13.e5 dxe5 14.dxe5 Nd7 15.Nd5 Nc4
16.Bxh7+ Kxh7 17.Ng5+ Bxg5 18.Qxh5+ Bh6 19.Qf5+ Kh8 20.Bxh6 gxh6 21.Rad1 Qg5
22.Qxd7 Nxe5 23.Qh3 Ng4 24.Qc3+  1-0

[Event "WJun"]
[Site "Yerevan ARM"]
[Date "2007.10.04"]
[Round "2"]
[White "Kulakov,V"]
[Black "Negi,P"]
[Result "0-1"]
[WhiteElo "2261"]
[BlackElo "2514"]

1.d4 Nf6 2.c4 g6 3.Nc3 d5 4.cxd5 Nxd5 5.Bd2 Bg7 6.e4 Nb6 7.Be3 O-O 8.Qd2 Nc6
9.Rd1 e5 10.dxe5 Qxd2+ 11.Rxd2 Nxe5 12.Bd4 Re8 13.Bxe5 Bxe5 14.Bd3 Be6 15.Nge2 Rad8
16.Kd1 Nc4 17.Bxc4 Bxc4 18.Rxd8 Rxd8+ 19.Kc1 Bxe2 20.Nxe2 Bxb2+ 21.Kc2 Ba3
22.Rb1 b6 23.f4 f6 24.g4 Kf7 25.Rb3 Bc5 26.Rh3 Kg7 27.Nc3 c6 28.Rf3 Rd4 29.h3 Bb4
30.Kb3 Bd6 31.Kc2 b5  0-1

[Event "WJun"]
[Site "Yerevan ARM"]
[Date "2007.10.05"]
[Round "3"]
[White "Negi,P"]
[Black "Pashikian,A"]
[Result "1/2-1/2"]
[WhiteElo "2514"]
[BlackElo "2534"]

1.e4 e5 2.Nf3 Nc6 3.Bb5 Nf6 4.d3 Bc5 5.Nc3 a6 6.Bxc6 dxc6 7.Be3 Bd6 8.h3 c5
9.Qe2 Nd7 10.Nd2 Nf8 11.Nc4 Be6 12.Nxd6+ cxd6 13.f4 exf4 14.Bxf4 Ng6 15.Bg3 O-O
16.O-O Qb6 17.Qd2 Rad8 18.b3 Qc6 19.Rae1 b5 20.a4 Rfe8 21.axb5 axb5 22.Qf2 f6
23.Kh2 d5 24.exd5 Bxd5 25.Nxd5 Qxd5 26.Qf5 Rxe1 27.Qxd5+ Rxd5 28.Rxe1 b4
29.Bf2 Kf7 30.Ra1 Nf4 31.Ra7+ Kf8 32.Ra8+ Kf7 33.Ra7+ Kf8 34.Ra8+ Kf7 35.Ra7+  1/2-1/2

[Event "WJun"]
[Site "Yerevan ARM"]
[Date "2007.10.08"]
[Round "6"]
[White "Bulski,K"]
[Black "Negi,P"]
[Result "0-1"]
[WhiteElo "2421"]
[BlackElo "2514"]

1.e4 e5 2.Nf3 Nc6 3.Bc4 Nf6 4.d4 exd4 5.e5 d5 6.Bb5 Nd7 7.O-O Be7 8.Re1 O-O
9.Bxc6 bxc6 10.Nxd4 Nb8 11.Qf3 c5 12.Nf5 Bxf5 13.Qxf5 Qd7 14.Qxd7 Nxd7 15.Nc3 Nb6
16.a4 a5 17.b3 c4 18.Nb5 c6 19.Nd6 cxb3 20.cxb3 f6 21.Ba3 fxe5 22.Rac1 Nc8
23.Rxc6 Nxd6 24.Rxe5 Rfe8 25.g3 Bf6 26.Rxd5 Ne4 27.Kg2 Red8 28.Rxd8+ Rxd8
29.Bc1 Rd3 30.Ra6 Bc3 31.Be3 Bb4 32.Bb6 Rd5  0-1

[Event "WJun"]
[Site "Yerevan ARM"]
[Date "2007.10.09"]
[Round "7"]
[White "Negi,P"]
[Black "Sanikidze,T"]
[Result "1-0"]
[WhiteElo "2514"]
[BlackElo "2474"]

1.e4 c5 2.Nf3 d6 3.d4 cxd4 4.Nxd4 Nf6 5.Nc3 Nc6 6.Bg5 Qb6 7.Be3 Ng4 8.Nd5 Qa5+
9.b4 Nxe3 10.fxe3 Qd8 11.Nb5 Rb8 12.Nbc7+ Kd7 13.Bb5 e6 14.O-O f5 15.Nxe6 Kxe6
16.exf5+ Kf7 17.Qh5+ g6 18.fxg6+ Kg8 19.g7  1-0

[Event "WJun"]
[Site "Yerevan ARM"]
[Date "2007.10.12"]
[Round "9"]
[White "Negi,P"]
[Black "Popov,Iv RUS"]
[Result "1/2-1/2"]
[WhiteElo "2514"]
[BlackElo "2539"]

1.e4 c5 2.Nf3 e6 3.d4 cxd4 4.Nxd4 Nf6 5.Nc3 Nc6 6.Nxc6 bxc6 7.e5 Nd5 8.Ne4 Bb7
9.c4 Nb4 10.Bg5 Qc7 11.Nd6+ Bxd6 12.exd6 Qa5 13.Bd2 Qe5+ 14.Be2 Nd3+ 15.Kf1 Nf4
16.Bc3 Qe4 17.f3 Qg6 18.Rg1 c5 19.Qd2 Nxe2 20.Kxe2 O-O 21.Qd3 e5 22.Qxg6 hxg6
23.Kf2 f6 24.Rge1  1/2-1/2

[Event "WJun"]
[Site "Yerevan ARM"]
[Date "2007.10.15"]
[Round "12"]
[White "Negi,P"]
[Black "Jones,G"]
[Result "1/2-1/2"]
[WhiteElo "2514"]
[BlackElo "2567"]

1.e4 c5 2.Nf3 Nc6 3.Nc3 g6 4.d4 cxd4 5.Nxd4 Bg7 6.Be3 Nf6 7.Nb3 O-O 8.Be2 d6
9.O-O Be6 10.f4 Qc8 11.Kh1 Rd8 12.Bg1 d5 13.e5 Ne4 14.Nb5 f6 15.exf6 exf6
16.c3 f5 17.a4 Kh8 18.a5 d4 19.N3xd4 a6 20.Na3 Nxa5 21.Qa4 Nc6 22.Nxe6 Qxe6
23.Bf3 Rd2 24.Qc4 Qe8 25.Qb3 b5 26.Rfe1 Na5 27.Qb4 Nc6 28.Qb3 Na5 29.Qb4  1/2-1/2

[Event "WJun"]
[Site "Yerevan ARM"]
[Date "2007.10.16"]
[Round "13"]
[White "Romanov,E"]
[Black "Negi,P"]
[Result "0-1"]
[WhiteElo "2515"]
[BlackElo "2514"]

1.Nf3 d5 2.d4 Nf6 3.c4 e6 4.g3 dxc4 5.Bg2 c6 6.Ne5 Bb4+ 7.Bd2 Qxd4 8.Bxb4 Qxe5
9.Nd2 Qb5 10.Ba3 Nbd7 11.O-O Nb6 12.Qc2 a5 13.Bd6 a4 14.b3 axb3 15.axb3 Rxa1
16.Rxa1 cxb3 17.Nxb3 Nc4 18.Bc5 Nd7 19.Ra8 Ndb6 20.Rb8 Kd8 21.Bxb6+ Nxb6
22.Nd4 Qa6 23.Bxc6 bxc6 24.Nxc6+ Kc7 25.Nb4+ Qc4 26.Na6+ Kd7 27.Qb2 Qxa6
28.Rxb6 Qa5 29.Rb5 Qa6 30.Rb6 Qa5 31.Rb5 Qc7 32.Rg5 Ke7 33.Rxg7 Rd8 34.f3 Qc5+
35.Kg2 h5 36.Rh7 Rd1 37.e3 Rc1 38.Qg7 Rc2+ 39.Kh1 Qf5  0-1

[Event "Parsvnath ch-Commonwealth"]
[Site "New Delhi IND"]
[Date "2007.12.03"]
[Round "1"]
[White "Negi,P"]
[Black "Gagare,Shar"]
[Result "1-0"]
[WhiteElo "2514"]
[BlackElo "2080"]

1.e4 d6 2.d4 Nf6 3.Nc3 g6 4.Be3 c6 5.f3 b5 6.Qd2 Nbd7 7.g4 Nb6 8.g5 Nfd7
9.h4 Nc4 10.Bxc4 bxc4 11.h5 Bg7 12.Nge2 Rb8 13.b3 cxb3 14.axb3 a5 15.f4 c5
16.h6 Bf8 17.d5 f6 18.O-O fxg5 19.fxg5 Ne5 20.Nf4 Bd7 21.Nd3 Ng4 22.Bf4 e5
23.dxe6 Bxe6 24.Nd5 Bxd5 25.exd5 Be7 26.Rae1 Rb7 27.Qg2 Qd7 28.Re6 Ne5 29.Bxe5 dxe5
30.Nxe5 Qc8 31.Nc6 Rf8 32.Rxf8+ Kxf8 33.Qf3+ Ke8 34.Qf6  1-0

[Event "Parsvnath ch-Commonwealth"]
[Site "New Delhi IND"]
[Date "2007.12.03"]
[Round "2"]
[White "Imocha,L"]
[Black "Negi,P"]
[Result "0-1"]
[WhiteElo "2272"]
[BlackElo "2514"]

1.Nf3 d5 2.d4 Nf6 3.c4 e6 4.g3 dxc4 5.Qa4+ c6 6.Qxc4 b5 7.Qc2 Bb7 8.Bg2 Nbd7
9.O-O c5 10.dxc5 Bxc5 11.b4 Bxb4 12.a4 bxa4 13.Qxa4 Bc5 14.Nc3 O-O 15.Rb1 Nb6
16.Qa5 Qe7 17.Bg5 Rfc8 18.Rfc1 h6 19.Bf4 Ne4 20.Nd1 Nd5 21.Be5 f6 22.Bd4 Bb6
23.Qa1 Nc5 24.Nd2 e5 25.Bxc5 Rxc5 26.Rxc5 Qxc5 27.Rc1 Qe7 28.Qa2 Qf7 29.Nc4 Rd8
30.Nxb6 axb6 31.e4 Ne7 32.Qb1 Rc8 33.Rxc8+ Nxc8 34.Ne3 Kh8 35.h4 Qc7 36.Qd1 Nd6
37.Qg4 Bc8 38.Qh5 Be6 39.Nf5 Bf7 40.Qg4 Nxf5 41.exf5 Qc1+ 42.Kh2 Kh7 43.Qe4 Qc5
44.Qb7 Bc4 45.Kg1 Bd3 46.g4 Qc1+ 47.Kh2 Qf4+ 48.Kh3 h5 49.Qf3 hxg4+  0-1

[Event "Parsvnath ch-Commonwealth"]
[Site "New Delhi IND"]
[Date "2007.12.05"]
[Round "4"]
[White "Negi,P"]
[Black "Akshat,K"]
[Result "1-0"]
[WhiteElo "2514"]
[BlackElo "2355"]

1.e4 Nf6 2.e5 Nd5 3.d4 d6 4.Nf3 Nc6 5.c4 Nb6 6.e6 fxe6 7.Nc3 e5 8.d5 Nd4
9.Nxd4 exd4 10.Qxd4 e5 11.Qd1 Bf5 12.Bd3 Qd7 13.Be3 Be7 14.O-O O-O 15.Bxf5 Rxf5
16.Qd3 Raf8 17.a4 Bg5 18.Bxb6 axb6 19.Ne4 Bd8 20.b4 Qe8 21.f3 g5 22.a5 bxa5
23.bxa5 g4 24.fxg4 Rxf1+ 25.Rxf1 Rxf1+ 26.Qxf1 Qa4 27.h3 Qxa5 28.Qf5 Qe1+
29.Kh2 Qh4 30.g3 Qe7 31.g5 Qf8 32.Qe6+ Kg7 33.Qh6+ Kg8 34.Qe6+ Kg7 35.h4 Qf1
36.Qd7+ Kg6 37.Qe8+ Kg7 38.Qd7+ Kg6 39.Qg4 Be7 40.Qe6+ Kh5 41.Qh6+ Kg4 42.Qe6+ Kh5
43.Qh3 Qxc4 44.Qf5 Qxd5 45.Nf6+  1-0

[Event "Parsvnath ch-Commonwealth"]
[Site "New Delhi IND"]
[Date "2007.12.05"]
[Round "5"]
[White "Prasad,De"]
[Black "Negi,P"]
[Result "0-1"]
[WhiteElo "2409"]
[BlackElo "2514"]

1.e4 e5 2.Nf3 Nc6 3.Bb5 a6 4.Ba4 Nf6 5.O-O Be7 6.Re1 b5 7.Bb3 O-O 8.h3 Bb7
9.d3 d5 10.exd5 Nxd5 11.Nxe5 Nd4 12.Nc3 Nb4 13.Be3 Nxb3 14.axb3 f6 15.Nf3 Bxf3
16.gxf3 f5 17.Ne2 Bd6 18.f4 Qh4 19.c3 Nd5 20.Kg2 Rae8 21.Ng3 Bxf4 22.Qf3 Nxe3+
23.fxe3 Bd6 24.Ne2 Rf6 25.Kh1 Rg6 26.Ng1 f4 27.Re2 fxe3 28.Rxe3 Rf8 29.Qd5+ Kh8
30.Rf3 Rxf3 31.Qxf3 Rf6 32.Qa8+ Rf8 33.Rxa6 h6 34.Qd5 Qg3 35.Rxd6 cxd6 36.Qxb5 Rf2
37.Qe8+ Kh7 38.Qe4+ Qg6 39.Qd5 Rxb2 40.b4 Rb1 41.Qd4 Rd1  0-1

[Event "Parsvnath ch-Commonwealth"]
[Site "New Delhi IND"]
[Date "2007.12.06"]
[Round "6"]
[White "Kamble,V"]
[Black "Negi,P"]
[Result "1/2-1/2"]
[WhiteElo "2374"]
[BlackElo "2514"]

1.Nf3 Nf6 2.c4 c5 3.Nc3 e6 4.g3 d5 5.cxd5 Nxd5 6.Bg2 Nc6 7.O-O Be7 8.d4 O-O
9.e4 Nb6 10.d5 exd5 11.exd5 Nb4 12.Ne1 Nc4 13.a3 Na6 14.Nd3 Nd6 15.Ne5 Bf6
16.Re1 Re8 17.f4 c4 18.Be3 Bxe5 19.fxe5 Rxe5 20.Qd4 Qe7 21.Bf2 f6 22.g4 Bd7
23.Bg3 Re8 24.Bxe5 fxe5 25.Qxa7 Bxg4 26.Ne4 Nb5 27.Qf2 Nd4 28.Kh1 Qd8 29.Rac1 b5
30.a4 Nb4 31.axb5 Nd3 32.Qg3 Bf5 33.Rxc4 Nxe1 34.Qxe1 Nxb5 35.Ng3 Bd3 36.Rg4 Nd6
37.Qe3 Bg6 38.h4 Qd7 39.Rb4 e4 40.h5 Nf5 41.Qg5 Nxg3+ 42.Qxg3 Bf5 43.Rb8 Kf7
44.Rxe8 Qxe8 45.Qf4 g6 46.Bh3 Qd7 47.Bxf5 Qxf5 48.Qxf5+ gxf5 49.b4 Ke7 50.b5 Kd6
51.b6 f4 52.Kg2 h6 53.Kf2 Kd7 54.Ke2 Kd6 55.Kf2  1/2-1/2

[Event "Parsvnath ch-Commonwealth"]
[Site "New Delhi IND"]
[Date "2007.12.07"]
[Round "7"]
[White "Negi,P"]
[Black "Rathnakaran,K"]
[Result "0-1"]
[WhiteElo "2514"]
[BlackElo "2433"]

1.e4 e6 2.d4 d5 3.Nc3 Nf6 4.e5 Nfd7 5.f4 c5 6.Nf3 Nc6 7.Ne2 b5 8.a3 Qb6 9.c3 a5
10.f5 Be7 11.Nf4 cxd4 12.cxd4 g5 13.f6 Bf8 14.Nxe6 fxe6 15.Nxg5 Nxd4 16.Bf4 h5
17.Bd3 Rh6 18.Nf7 Kxf7 19.Bxh6 Ke8 20.Qxh5+ Kd8 21.Bxf8 Nxf8 22.Qh6 Nd7 23.Rc1 Nc6
24.f7 Kc7 25.Ke2 Qd4 26.f8=Q Qxb2+ 27.Rc2 Qxe5+ 28.Kd2 Nxf8 29.Qxf8 Qg5+
30.Kd1 e5 31.Qc5 Bg4+ 32.Ke1 Bd7 33.Bxb5 Qh4+ 34.Qf2 Qxf2+ 35.Kxf2 Kd6 36.Bxc6 Bxc6
37.Rb1 Ra6 38.Rb8 d4 39.Rh8 Bd7 40.h3 e4 41.Kg3 d3 42.Rh6+ Kd5 43.Rh5+ Kd4
44.Rc7 Rd6 45.Rh6 Rxh6 46.Rxd7+ Ke3 47.Kg4 d2 48.Kg5 Rh7 49.Rd6 Rg7+  0-1

[Event "Parsvnath ch-Commonwealth"]
[Site "New Delhi IND"]
[Date "2007.12.08"]
[Round "8"]
[White "Laxman,R"]
[Black "Negi,P"]
[Result "1/2-1/2"]
[WhiteElo "2395"]
[BlackElo "2514"]

1.Nf3 d5 2.d4 Nf6 3.c4 e6 4.g3 dxc4 5.Bg2 c6 6.O-O b5 7.a4 Bb7 8.b3 cxb3
9.Qxb3 a6 10.Bg5 Be7 11.Nbd2 O-O 12.Nc4 Nbd7 13.Nfe5 Nxe5 14.dxe5 Nd7 15.Bxe7 Qxe7
16.Na5 Nxe5 17.Qe3 Qc7 18.Nxb7 Nc4 19.Qc5 Qxb7 20.Bxc6 Qc7 21.axb5 axb5 22.Qxb5 Nd6
23.Qc5 Rfc8 24.Rxa8 Rxa8 25.Rd1 Rd8 26.Ra1 Rc8 27.Ra6 g6 28.Qe5 Nb5 29.Bb7 Qxb7  1/2-1/2

[Event "Parsvnath ch-Commonwealth"]
[Site "New Delhi IND"]
[Date "2007.12.09"]
[Round "9"]
[White "Negi,P"]
[Black "Mas,H"]
[Result "0-1"]
[WhiteElo "2514"]
[BlackElo "2372"]

1.e4 c5 2.Nf3 d6 3.d4 cxd4 4.Nxd4 Nf6 5.Nc3 a6 6.Bg5 e6 7.f4 Nc6 8.e5 h6
9.Bh4 g5 10.fxg5 Nd5 11.Nxd5 exd5 12.exd6 Bxd6 13.Qe2+ Kf8 14.O-O-O Nxd4
15.Rxd4 hxg5 16.Bf2 Bf5 17.Qe1 Be4 18.Bd3 Bxg2 19.Rg1 Bf3 20.h4 g4 21.Bf5 Qe7
22.Bxg4 Be4 23.Qd2 Be5 24.h5 Rg8 25.Qh6+ Ke8 26.Rd2 Qc7 27.Bh3 Rxg1+ 28.Bxg1 Bf4
29.Qh8+ Ke7 30.Qc3 Qxc3 31.bxc3 f5 32.Bf1 Bf3 33.Bh2 Bh6  0-1

[Event "Parsvnath ch-Commonwealth"]
[Site "New Delhi IND"]
[Date "2007.12.10"]
[Round "10"]
[White "Shyam,N"]
[Black "Negi,P"]
[Result "0-1"]
[WhiteElo "2295"]
[BlackElo "2514"]

1.d4 d5 2.Nf3 Nf6 3.b3 c5 4.dxc5 Nc6 5.c3 a5 6.e3 e6 7.Ba3 Ne4 8.Bb5 Nxc5
9.O-O Bd7 10.Nbd2 Be7 11.Qe2 O-O 12.h4 Rc8 13.h5 h6 14.Rfd1 Qb6 15.Qf1 Rfd8
16.Rac1 Be8 17.g4 Nxb3 18.Bxe7 Nxe7 19.Bxe8 Nxc1 20.Bxf7+ Kxf7 21.Rxc1 Kg8
22.Qd3 Qd6 23.Rb1 e5 24.e4 Qe6 25.Rxb7 Qxg4+ 26.Kf1 dxe4 27.Qxe4 Qxe4 28.Nxe4 Nd5
29.Nxe5 Nxc3 30.Ng3 Nd5 31.Rb5 Nf4 32.Rb7 Rc5 33.Ng6 Nxh5 34.Ne4 Rc4 35.f3 Rc2
36.Ke1 Kh7 37.Ne5 Nf4  0-1

[Event "Corus C"]
[Site "Wijk aan Zee NED"]
[Date "2008.01.13"]
[Round "2"]
[White "Braun,A"]
[Black "Negi,P"]
[Result "1-0"]
[WhiteElo "2536"]
[BlackElo "2526"]

1.Nf3 Nf6 2.c4 c5 3.Nc3 d5 4.cxd5 Nxd5 5.g3 Nc6 6.Bg2 Nc7 7.O-O e5 8.a3 f6
9.Rb1 c4 10.b3 Bf5 11.Ra1 cxb3 12.Qxb3 Qd7 13.Rd1 Bc5 14.e3 Be6 15.Qc2 Bf5
16.Qa4 Rd8 17.d4 exd4 18.exd4 Nxd4 19.Qc4 Nce6 20.Be3 b5 21.Qa2 Bg4 22.Nxd4 Bxd4
23.Rd2 Qc8 24.Bxd4 Nxd4 25.Re1+ Kf8 26.Qb2 Qc4 27.Nxb5 Ne6 28.Rxd8+ Nxd8
29.Nd6 Qa4 30.Qb8 Qd7 31.Bc6  1-0

[Event "Corus C"]
[Site "Wijk aan Zee NED"]
[Date "2008.01.14"]
[Round "3"]
[White "Negi,P"]
[Black "Van der Wiel,J"]
[Result "1-0"]
[WhiteElo "2526"]
[BlackElo "2490"]

1.e4 e6 2.d4 d5 3.Nc3 Bb4 4.e5 b6 5.a3 Bf8 6.Nf3 Ba6 7.Bxa6 Nxa6 8.O-O Qd7
9.Ne2 c6 10.b3 Ne7 11.c4 Ng6 12.h4 Be7 13.g3 h5 14.cxd5 cxd5 15.Qd3 Nc7 16.Ng5 Nf8
17.a4 Rc8 18.Bd2 f6 19.Nf3 Kf7 20.Nf4 f5 21.Rfc1 g6 22.Rc2 Nh7 23.Nh3 Na8
24.Rac1 Ba3 25.Nfg5+ Nxg5 26.Nxg5+ Ke7 27.Ra1 Rxc2 28.Qxc2 Rc8 29.Qa2  1-0

[Event "Corus C"]
[Site "Wijk aan Zee NED"]
[Date "2008.01.17"]
[Round "5"]
[White "Negi,P"]
[Black "Ushenina,A"]
[Result "1-0"]
[WhiteElo "2526"]
[BlackElo "2484"]

1.d4 d5 2.c4 dxc4 3.Nf3 c5 4.e3 cxd4 5.Bxc4 Qc7 6.Bb3 dxe3 7.Bxe3 e6 8.Nc3 Bd7
9.O-O Nf6 10.Rc1 Qa5 11.a4 Nc6 12.Nb5 a6 13.Nd6+ Bxd6 14.Qxd6 Ne4 15.Qd3 Nf6
16.Bc5 Rc8 17.Rfd1 Ne7 18.Ba3 Rxc1 19.Rxc1 Bc6 20.Nd4 Qg5 21.Qf1 Ne4 22.Nxc6 Nxc6
23.Rd1 Nc5 24.Bc2 Ne7 25.Qc4 b6 26.a5 O-O 27.axb6 Rc8 28.Bxc5 Nd5  1-0

[Event "Corus C"]
[Site "Wijk aan Zee NED"]
[Date "2008.01.19"]
[Round "7"]
[White "Negi,P"]
[Black "Krush,I"]
[Result "1-0"]
[WhiteElo "2526"]
[BlackElo "2473"]

1.e4 c5 2.Nf3 d6 3.d4 cxd4 4.Nxd4 Nf6 5.Nc3 Nc6 6.Bg5 e6 7.Qd2 a6 8.O-O-O h6
9.Nxc6 bxc6 10.Bf4 d5 11.Qe3 Bb4 12.a3 Ba5 13.Be2 O-O 14.exd5 cxd5 15.Qg3 Kh8
16.Be5 Ne8 17.Bd3 Bc7 18.f4 Rb8 19.Ne2 Bxe5 20.fxe5 Qb6 21.b3 a5 22.Rhf1 Ba6
23.Bxa6 Qxa6 24.Nf4 Rg8 25.a4 Rb7 26.Qe3 Qb6 27.Rd4 Qc5 28.Ne2 Rf8 29.Kb2 Nc7
30.Rf6 Na6 31.Rxh6+ Kg8 32.Rdh4 f6 33.Rh8+ Kf7 34.Rxf8+ Kxf8 35.Rh8+ Kf7
36.Qf3 Rb8 37.Qh5+ Ke7 38.Rxb8 Nxb8 39.Qh8  1-0

[Event "Corus C"]
[Site "Wijk aan Zee NED"]
[Date "2008.01.23"]
[Round "10"]
[White "Negi,P"]
[Black "Ruijgrok,D"]
[Result "1-0"]
[WhiteElo "2526"]
[BlackElo "2329"]

1.e4 c5 2.Nf3 Nc6 3.Bb5 g6 4.Bxc6 dxc6 5.d3 Bg7 6.Nc3 Bg4 7.h3 Bxf3 8.Qxf3 Nf6
9.O-O e5 10.Qe2 O-O 11.Be3 Qe7 12.Qd2 Rfd8 13.f4 exf4 14.Bxf4 Nh5 15.Be3 Ng3
16.Rfe1 Be5 17.a4 a5 18.Rad1 b6 19.Qc1 Rd6 20.Nb1 Rf6 21.Nd2 Qd7 22.Nc4 Bc7
23.Bf2 b5 24.Ne3 h5 25.axb5 Re8 26.bxc6 Qd4 27.Nf5 Qxf2+ 28.Kxf2 gxf5 29.e5 Rg6
30.Qf4 Kh7 31.Qc4 Ree6 32.Re3 Bxe5 33.Rxe5 Rxe5 34.c7 Re2+ 35.Kg1  1-0

[Event "Corus C"]
[Site "Wijk aan Zee NED"]
[Date "2008.01.26"]
[Round "12"]
[White "Negi,P"]
[Black "Grivas,E"]
[Result "1-0"]
[WhiteElo "2526"]
[BlackElo "2509"]

1.e4 e6 2.d4 d5 3.Nc3 dxe4 4.Nxe4 Nd7 5.Nf3 Ngf6 6.Nxf6+ Nxf6 7.c3 Be7 8.Bf4 O-O
9.Bd3 b6 10.Qe2 Bb7 11.O-O-O Qd5 12.Kb1 Rac8 13.Ne5 c5 14.c4 Qxg2 15.Rhg1 Qh3
16.Rg3 Qh5 17.f3 g6 18.Qf1 Qh4 19.Bg5 Qxd4 20.Bxg6 Qxe5 21.Bxh7+ Nxh7 22.Bf4+ Qg7
23.Rxg7+ Kxg7 24.Rd7 Bf6 25.Rxb7 Rcd8 26.Qh3 Kh8 27.Bh6 Rg8 28.Rxf7 Rg1+
29.Kc2  1-0

[Event "Corus C"]
[Site "Wijk aan Zee NED"]
[Date "2008.01.27"]
[Round "13"]
[White "Caruana,F"]
[Black "Negi,P"]
[Result "1-0"]
[WhiteElo "2598"]
[BlackElo "2526"]

1.e4 e5 2.Nf3 Nc6 3.Bb5 a6 4.Ba4 Nf6 5.O-O Be7 6.Re1 b5 7.Bb3 O-O 8.c3 d5
9.exd5 Nxd5 10.Nxe5 Nxe5 11.Rxe5 c6 12.d4 Bd6 13.Re1 Qh4 14.g3 Qh3 15.Qe2 Bg4
16.Qf1 Qh5 17.Nd2 Rae8 18.f3 Rxe1 19.Qxe1 Bxf3 20.Nxf3 Qxf3 21.Bd2 h5 22.Qd1 Qf5
23.Bc2 Qh3 24.Qf3 g6 25.Bh6 Re8 26.Rf1 Qe6 27.b3 Bf8 28.Bd2 Bg7 29.Kh1 b4
30.cxb4 Bxd4 31.Bd3 Re7 32.Bxa6 Ra7 33.b5 Nf6 34.Re1 Qh3 35.a4 Ng4 36.Re8+ Kh7
37.Re2 Ne5 38.Qf4 Qd7 39.Bc8 Qd8 40.b6 Qxb6 41.Rxe5 Bxe5 42.Qxe5 Qxb3 43.a5 Qd1+
44.Qe1 Qf3+ 45.Kg1 h4 46.a6 h3 47.Qf1 Qe4 48.Bb7 Kg8 49.Be1 Qb1 50.Bf2 Rxb7
51.axb7 Qxb7 52.Qxh3 Qb1+ 53.Qf1 Qe4 54.Qe1 Qf3 55.Qe5 f6 56.Qf4 Qc3 57.Kg2 f5
58.Qd6 Kf7 59.Qc5 Qf6 60.Bd4 Qe6 61.Qe5  1-0

[Event "Velammal 45th National A ch-IND"]
[Site "Chennai IND"]
[Date "2008.02.03"]
[Round "1"]
[White "Sivanandan,B1"]
[Black "Negi,P"]
[Result "0-1"]
[WhiteElo "2373"]
[BlackElo "2526"]

1.e4 e5 2.Nf3 Nc6 3.Bb5 a6 4.Ba4 Nf6 5.O-O Be7 6.Re1 b5 7.Bb3 O-O 8.d4 Nxd4
9.Bxf7+ Rxf7 10.Nxe5 Rf8 11.Qxd4 c5 12.Qd1 Bb7 13.Nc3 Qc7 14.Ng4 Nxg4 15.Qxg4 Bd6
16.g3 Rae8 17.Bg5 Be5 18.Rad1 d6 19.Nd5 Qf7 20.Bf4 Bxb2 21.Re2 Bc8 22.Qh4 Be5
23.Rdd2 Bb7 24.Be3 Qf3 25.Re1 Bxd5 26.Rxd5 Bc3 27.Red1 Rxe4 28.Qh5 Rxe3 29.fxe3 Qxe3+
30.Kh1 Qe4+ 31.Kg1 Be1 32.h4 Qe3+ 33.Kh1 Rf1+ 34.Kh2  0-1

[Event "Velammal 45th National A ch-IND"]
[Site "Chennai IND"]
[Date "2008.02.04"]
[Round "2"]
[White "Negi,P"]
[Black "Arun Prasad,S"]
[Result "1-0"]
[WhiteElo "2526"]
[BlackElo "2423"]

1.e4 c5 2.Nf3 d6 3.d4 cxd4 4.Nxd4 Nf6 5.Nc3 e6 6.g4 e5 7.Nf5 h5 8.Bg5 hxg4
9.Bxf6 Qxf6 10.Qxg4 Bxf5 11.exf5 Qh4 12.Qg2 Nc6 13.Ba6 Qb4 14.O-O-O Rb8 15.a3 Qf4+
16.Kb1 Qxf5 17.Bxb7 Rxb7 18.Qxc6+ Qd7 19.Qd5 Rh6 20.Rhe1 Re6 21.f4 exf4 22.Qd4 f3
23.Rf1 Qc6 24.Nd5 Re2 25.Nb4 Qc5 26.Qd3 Re3 27.Qa6 Qb5 28.Qxb5+ Rxb5 29.Nd5 Rxd5
30.Rxd5 Re2 31.Rxf3 Rxh2 32.Ra5 Re2 33.Rxa7 Be7 34.Ra8+ Bd8 35.Rb3 Re7 36.a4  1-0

[Event "Velammal 45th National A ch-IND"]
[Site "Chennai IND"]
[Date "2008.02.05"]
[Round "3"]
[White "Deepan,C"]
[Black "Negi,P"]
[Result "1-0"]
[WhiteElo "2491"]
[BlackElo "2526"]

1.e4 e5 2.Nf3 Nc6 3.Bb5 a6 4.Ba4 Nf6 5.O-O Be7 6.Re1 b5 7.Bb3 O-O 8.c3 d5
9.d4 exd4 10.e5 Ne4 11.cxd4 Bf5 12.Nc3 Nxc3 13.bxc3 Qd7 14.Bc2 Na5 15.Bg5 Ba3
16.Nh4 Bxc2 17.Qxc2 Qg4 18.f4 h6 19.Bf6 gxf6 20.Nf5 Kh8 21.Re3 Nc4 22.Rh3 h5
23.Rf1 Nd2 24.Qxd2 Qxf5 25.Qe2 Kg8 26.Rxh5 Qe4 27.Rf3 Qb1+ 28.Qf1 Qg6 29.Rg3 Kg7
30.f5 Qxg3 31.hxg3 Rh8 32.Qe2 Rxh5 33.Qxh5 Bc1 34.exf6+ Kxf6 35.Qe2 Kg5 36.Qe1 Ba3
37.Qe5 Bd6 38.Qg7+ Kxf5 39.Qxf7+  1-0

[Event "Velammal 45th National A ch-IND"]
[Site "Chennai IND"]
[Date "2008.02.07"]
[Round "5"]
[White "Venkatesh,M"]
[Black "Negi,P"]
[Result "1/2-1/2"]
[WhiteElo "2444"]
[BlackElo "2526"]

1.e4 c5 2.Nf3 d6 3.d4 cxd4 4.Nxd4 Nf6 5.Nc3 a6 6.Bg5 e6 7.f4 Nbd7 8.Qe2 Qc7
9.O-O-O Be7 10.Nf3 h6 11.Bh4 g5 12.fxg5 hxg5 13.Bxg5 b5 14.a3 Bb7 15.Qe1 Rc8
16.Bd3 Rg8 17.h4 Qc5 18.Be3 Qc7 19.Bg5 Qc5 20.Be3 Qc7 21.Bg5  1/2-1/2

[Event "Velammal 45th National A ch-IND"]
[Site "Chennai IND"]
[Date "2008.02.08"]
[Round "6"]
[White "Negi,P"]
[Black "Roy Chowdhury,S"]
[Result "1/2-1/2"]
[WhiteElo "2526"]
[BlackElo "2418"]

1.e4 e5 2.Nf3 Nc6 3.Bb5 a6 4.Ba4 Nf6 5.O-O Be7 6.Re1 b5 7.Bb3 d6 8.c3 O-O
9.h3 Na5 10.Bc2 d5 11.exd5 e4 12.Bxe4 Nxe4 13.Rxe4 Bb7 14.d4 Re8 15.Re1 Nc4
16.b3 Nb6 17.Nbd2 Qxd5 18.a4 bxa4 19.bxa4 Bf6 20.Rxe8+ Rxe8 21.a5 Nc4 22.Qa4 Nd6
23.c4 Qe6 24.d5 Qf5 25.Rb1 Bc8 26.Ba3 Bd7 27.Qb3 h5 28.Bxd6 cxd6 29.Qb6 g5
30.Re1 Rxe1+ 31.Nxe1 Qe5 32.Ndf3 Qe7 33.Nc2 g4 34.hxg4 hxg4 35.Nfd4 Be5 36.Ne3 g3
37.fxg3 Bxg3 38.Nf3 Bf4 39.Kf2 Bh6 40.Qd4 Qd8 41.Qh4 Bxe3+ 42.Kxe3 Qc7 43.Qg5+ Kf8
44.Qf4 Ke7 45.Ng5 Qxa5 46.Qxf7+ Kd8 47.Qf4 Qc3+ 48.Kf2 Qb2+ 49.Kg3 Qb8 50.Kf2 Qb2+
51.Kg1 Qa1+ 52.Kh2 Qh8+ 53.Kg3 Qc3+ 54.Nf3 Kc7 55.Kf2 a5 56.Qe3  1/2-1/2